000
00334nam a2200145Ia 4500
005
20251222175920.0
008
251222s9999||||xx |||||||||||||| ||spa||
020
_a
8408021915
082
_a
813.54/C68
100
_a
Clancy, Tom
245
0
_a
Deuda de Honor
250
_a
1ra.ed.
264
_b
Editorial Planeta, S.A.
942
_c
LIB
999
_c
40653
_d
40653